000 00316nam a22001337a 4500
008 170824b xxu||||| |||| 00| 0 eng d
020 _a070090157
041 _aeng
080 _25TH
_a51
100 _a38
101 _aMAT
245 _aHANDBOOK OF MATHEMATICAL TABLES AND FORMULAS
_cBURNGTON,R.S
942 _2udc
_cBK
999 _c24854
_d24854